[Event "RUS-chTW Premier 2019"]
[Site "Sochi"]
[Date "2019.05.09"]
[Round "8.6"]
[White "Zaiatz, Elena"]
[Black "Ovod, Evgenija"]
[Result "1/2-1/2"]
[WhiteElo "2345"]
[BlackElo "2362"]
[Annotator "ChessBase"]
[PlyCount "141"]
[EventDate "2019.05.01"]
[EventType "team-tourn"]
[EventCountry "RUS"]
[SourceTitle "playchess.com"]
[Source "ChessBase"]
[SourceQuality "1"]
[TimeControl "40/5400+30:1800+30"]

1. Nf3 {[%emt 0:00:00]} d5 {[%emt 0:00:00]} 2. g3 {[%emt 0:00:00]} Bg4 {[%emt 0:00:00]} 3. Bg2 {[%emt 0:00:00]} c6 {[%emt 0:00:00]} 4. O-O {[%emt 0:00:00]} Nd7 {[%emt 0:00:02]} 5. d4 {[%emt 0:00:05]} e6 {[%emt 0:00:10]} 6. h3 {[%emt 0:03:18]} Bxf3 {[%emt 0:05:40]} 7. exf3 {[%emt 0:07:40]} g6 {[%emt 0:05:54]} 8. c3 {[%emt 0:02:37]} Bg7 {[%emt 0:00:33]} 9. Re1 {[%emt 0:00:05]} Ne7 {[%emt 0:00:49]} 10. Bg5 {[%emt 0:00:13]} O-O {[%emt 0:05:25]} 11. Qd2 {[%emt 0:06:23]} f6 {[%emt 0:19:10]} 12. Bf4 {[%emt 0:03:28]} e5 {[%emt 0:02:24]} 13. dxe5 {[%emt 0:00:40]} Nxe5 {[%emt 0:00:17]} 14. Na3 {[%emt 0:00:06]} Nf5 {[%emt 0:12:18]} 15. Rad1 {[%emt 0:22:15]} Rf7 {[%emt 0:10:56]} 16. h4 {[%emt 0:12:14]} Qf8 {[%emt 0:02:03]} 17. Nc2 {[%emt 0:00:47]} Nc4 {[%emt 0:07:34]} 18. Qc1 {[%emt 0:00:05]} Bh6 {[%emt 0:01:25]} 19. Bxh6 {[%emt 0:04:01]} Qxh6 {[%emt 0:00:18]} 20. f4 {[%emt 0:00:05]} Qf8 {[%emt 0:00:46]} 21. Nb4 {[%emt 0:05:39]} Re8 {[%emt 0:06:34]} 22. b3 {[%emt 0:05:51]} Ncd6 {[%emt 0:01:24]} 23. Nxd5 {[%emt 0:03:27]} Rxe1+ {[%emt 0:01:53]} 24. Rxe1 {[%emt 0:00:05]} cxd5 {[%emt 0:00:03]} 25. Bxd5 {[%emt 0:00:04]} Kg7 {[%emt 0:00:04]} 26. Bxf7 {[%emt 0:00:10]} Nxf7 {[%emt 0:00:22]} 27. Qd1 {[%emt 0:06:38]} Qc8 {[%emt 0:07:06]} 28. c4 {[%emt 0:01:03]} h5 {[%emt 0:00:37]} 29. Qd5 {[%emt 0:01:53]} b6 {[%emt 0:00:09]} 30. Re6 {[%emt 0:01:05]} Qf8 {[%emt 0:02:00]} 31. Kg2 {[%emt 0:04:38]} Qa3 {[%emt 0:00:45]} 32. Qd2 {[%emt 0:00:05]} Qc5 {[%emt 0:00:40]} 33. Qc3 {[%emt 0:01:45]} Nd4 {[%emt 0:00:24]} 34. b4 {[%emt 0:01:05]} Qc8 {[%emt 0:02:02]} 35. Re1 {[%emt 0:01:26]} Qc6+ {[%emt 0:00:26]} 36. f3 {[%emt 0:00:12]} Nb5 {[%emt 0:01:47]} 37. Qd3 {[%emt 0:02:02]} Nbd6 {[%emt 0:00:08]} 38. Rc1 {[%emt 0:00:52]} Nf5 {[%emt 0:02:05]} 39. Kf2 {[%emt 0:03:06]} a5 {[%emt 0:00:30]} 40. a3 {[%emt 0:00:00]} axb4 {[%emt 0:00:00]} 41. axb4 {[%emt 0:00:31]} Qa4 {[%emt 0:03:43]} 42. Qd2 {[%emt 0:09:39]} Qa7 {[%emt 0:09:59]} 43. Qb2 {[%emt 0:11:16]} Qd7 {[%emt 0:01:52]} 44. Qc3 {[%emt 0:00:31]} Ne7 {[%emt 0:03:46]} 45. Kg2 {[%emt 0:03:49]} Nc6 {[%emt 0:01:58]} 46. Rc2 {[%emt 0:00:52]} Nh6 {[%emt 0:02:30]} 47. Rd2 {[%emt 0:01:28]} Qe7 {[%emt 0:00:48]} 48. b5 {[%emt 0:02:13]} Na5 {[%emt 0:00:48]} 49. c5 {[%emt 0:00:07]} Qxc5 {[%emt 0:00:07]} 50. Qxc5 {[%emt 0:00:03]} bxc5 {[%emt 0:00:04]} 51. Rd7+ {[%emt 0:00:03]} Nf7 {[%emt 0:04:56]} 52. g4 {[%emt 0:01:41]} Kf8 {[%emt 0:04:14]} 53. Ra7 {[%emt 0:03:55]} Nc4 {[%emt 0:00:32]} 54. Rc7 {[%emt 0:00:04]} Nfd6 {[%emt 0:03:15]} 55. Rxc5 {[%emt 0:00:11]} f5 {[%emt 0:00:08]} 56. gxh5 {[%emt 0:00:18]} gxh5 {[%emt 0:00:05]} 57. Kf2 {[%emt 0:00:03]} Ke7 {[%emt 0:00:57]} 58. Ke2 {[%emt 0:00:15]} Nb6 {[%emt 0:01:55]} 59. Rc7+ {[%emt 0:01:15]} Ke6 {[%emt 0:00:23]} 60. Rh7 {[%emt 0:00:26]} Nd5 {[%emt 0:00:12]} 61. b6 {[%emt 0:00:21]} Nxb6 {[%emt 0:00:17]} 62. Rh6+ {[%emt 0:00:57]} Ke7 {[%emt 0:00:15]} 63. Rxh5 {[%emt 0:00:25]} Nd5 {[%emt 0:00:08]} 64. Rg5 {[%emt 0:01:45]} Nxf4+ {[%emt 0:00:12]} 65. Ke3 {[%emt 0:00:07]} Ne6 {[%emt 0:00:14]} 66. Rg1 {[%emt 0:00:36]} f4+ {[%emt 0:01:33]} 67. Kd3 {[%emt 0:01:10]} Kf6 {[%emt 0:00:10]} 68. Rg8 {[%emt 0:01:26]} Kf7 {[%emt 0:01:48]} 69. Rg4 {[%emt 0:00:10]} Nf5 {[%emt 0:00:39]} 70. Ke4 {[%emt 0:00:32]} Kf6 {[%emt 0:00:10]} 71. Rxf4 {Ke5+} 1/2-1/2

[Event "RUS-chTW Premier 2019"]
[Site "Sochi"]
[Date "2019.05.09"]
[Round "8.7"]
[White "Styazhkina, Anna"]
[Black "Tsiganova, Monika"]
[Result "1-0"]
[WhiteElo "2272"]
[BlackElo "2052"]
[Annotator "NA"]
[PlyCount "73"]
[EventDate "2019.05.01"]
[EventType "team-tourn"]
[EventCountry "RUS"]
[SourceTitle "playchess.com"]
[Source "ChessBase"]
[SourceQuality "1"]
[TimeControl "40/5400+30:1800+30"]

1. e4 {[%emt 0:00:00]} c5 {[%emt 0:00:00]} 2. Nf3 {[%emt 0:00:06]} d6 {[%emt 0:00:00]} 3. d4 {[%emt 0:00:25]} cxd4 {[%emt 0:00:06]} 4. Qxd4 {[%emt 0:00:09]} Nc6 {[%emt 0:00:18]} 5. Bb5 {[%emt 0:00:27]} Bd7 {[%emt 0:00:16]} 6. Qd3 {[%emt 0:00:11]} Nf6 {[%emt 0:00:35]} 7. c4 {[%emt 0:00:26]} a6 {[%emt 0:02:03]} 8. Bxc6 {[%emt 0:00:14]} Bxc6 {[%emt 0:00:11]} 9. Nc3 {[%emt 0:00:11]} e6 {[%emt 0:01:28]} 10. O-O {[%emt 0:00:48]} Be7 {[%emt 0:00:10]} 11. Nd4 {[%emt 0:05:36]} Qc7 {[%emt 0:03:38]} 12. b3 {[%emt 0:07:24]} O-O {[%emt 0:00:37]} 13. Bb2 {[%emt 0:00:12]} Rfd8 {[%emt 0:09:40]} 14. Rac1 {[%emt 0:03:32]} Nd7 {[%emt 0:02:43]} 15. Nd5 {[%emt 0:29:21]} exd5 {[%emt 0:01:42]} 16. cxd5 {[%emt 0:00:32]} Nc5 {[%emt 0:15:54]} 17. Qg3 {[%emt 0:05:00]} Nxe4 {[%emt 0:10:38]} 18. Qf4 {[%emt 0:10:21]} Bg5 {[%emt 0:18:41]} 19. Qxe4 {[%emt 0:01:15]} Bxc1 {[%emt 0:00:14]} 20. Rxc1 {[%emt 0:00:28]} Re8 {[%emt 0:00:24]} 21. Qb1 {[%emt 0:01:40]} Re5 {[%emt 0:12:46]} 22. dxc6 {[%emt 0:01:06]} bxc6 {[%emt 0:03:53]} 23. Nf5 {[%emt 0:04:11]} Re2 {[%emt 0:03:34]} 24. Bxg7 {[%emt 0:00:56]} Qa5 {[%emt 0:02:51]} 25. Bc3 {[%emt 0:01:45]} Qb6 {[%emt 0:02:12]} 26. Rf1 {[%emt 0:04:25]} Re6 {[%emt 0:04:10]} 27. Qd3 {[%emt 0:00:54]} Rae8 {[%emt 0:00:37]} 28. Ng7 {[%emt 0:01:54]} Qb5 {[%emt 0:00:22]} 29. Qxb5 {[%emt 0:01:16]} axb5 {[%emt 0:00:11]} 30. Nxe8 {[%emt 0:00:06]} Rxe8 {[%emt 0:00:04]} 31. Rd1 {[%emt 0:00:35]} d5 {[%emt 0:00:31]} 32. Kf1 {[%emt 0:00:22]} Ra8 {[%emt 0:00:17]} 33. Rd2 {[%emt 0:00:10]} Kf8 {[%emt 0:00:29]} 34. Bb4+ {[%emt 0:00:22]} Kg7 {[%emt 0:00:14]} 35. Rc2 {[%emt 0:00:16]} Ra6 {[%emt 0:00:10]} 36. Ke2 {[%emt 0:00:11]} Kf6 {[%emt 0:00:08]} 37. Kd3 {[%emt 0:00:09]} 1-0

[Event "RUS-chTW Premier 2019"]
[Site "Sochi"]
[Date "2019.05.09"]
[Round "8.8"]
[White "Bezgodova, Svetlana"]
[Black "Balaian, Alina"]
[Result "1/2-1/2"]
[WhiteElo "2054"]
[BlackElo "2250"]
[Annotator "TA"]
[PlyCount "279"]
[EventDate "2019.05.01"]
[EventType "team-tourn"]
[EventCountry "RUS"]
[SourceTitle "playchess.com"]
[Source "ChessBase"]
[SourceQuality "1"]

{[%evp 13,279,-2,0,-25,0,-25,-25,-20,2,-39,-39,-42,-36,-35,-23,-16,-19,-43,-29,-37,-24,-30,0,-1,12,0,27,-44,-28,-66,-23,-54,-35,-74,0,0,0,0,6,0,0,0,16,0,0,9,116,0,0,0,0,0,0,-14,0,0,12,0,0,-32,0,-20,0,-48,-27,-30,-25,-37,-14,-22,22,16,17,0,0,0,0,0,0,0,0,-16,0,-43,-55,-47,-45,-51,-42,-47,-56,-70,-65,-36,-38,-38,-14,-23,0,0,0,0,0,0,0,0,172,168,170,0,0,0,0,0,0,0,0,0,0,0,0,0,0,0,0,0,0,0,0,0,0,0,0,0,0,0,0,0,0,0,0,0,0,0,0,0,0,0,0,0,0,0,0,0,0,0,0,0,0,0,0,0,0,0,0,0,0,0,0,0,0,0,0,0,92,59,93,65,432,161,248,194,646,88,80,12,12,18,20,0,0,0,0,0,0,0,0,0,0,0,0,0,0,0,0,0,0,0,0,0,0,0,0,0,0,0,0,0,0,0,0,0,0,0,0,0,0,0,0,0,0,0,0,0,0,0,0,0,0,0,0,0,0,0,0,0,0,0,0,0,0,0,0,0,0,0,0,0,0,0,0,0,0,0,0,0,0,0]} 1. Nf3 d5 2. g3 g6 3. Bg2 Bg7 4. O-O e5 5. d3 Ne7 6. Nbd2 O-O 7. e4 Nbc6 8. b3 {A07: Réti Opening: New York and Capablanca Systems} (8. exd5 Nxd5 9. Re1 Re8 10. a3 Bf5 11. Ne4 b6 12. Bg5 f6 13. c4 Bxe4 14. Rxe4 Nde7 15. Bc1 Qd7 16. Re1 Rad8 17. Bf1 {0-1 (29) Mamedyarov,S (2801)-Giri,A (2782) chess.com INT 2018}) 8... f6 $146 ({Predecessor:} 8... a5 9. a3 d4 10. Bb2 h6 11. Rc1 Bg4 12. h3 Be6 13. c3 Qd7 14. cxd4 exd4 15. Kh2 f5 16. exf5 gxf5 {½-½ (29) Markos,J (2590)-Miton,K (2593) Slovakia 2015}) 9. a4 a5 10. Bb2 {Black has an edge.} Be6 11. Re1 d4 12. Nc4 Nb4 13. Qd2 c6 14. Ba3 c5 15. Nh4 Qc7 16. Rf1 g5 17. Nf3 Ng6 18. Ne1 h5 19. Qe2 h4 20. Qh5 (20. Bf3 $11) 20... Kf7 $15 21. Qe2 Rh8 22. Bc1 Rag8 23. Bd2 Nc6 (23... Bh6 $17) 24. Bf3 $1 $11 Bf8 25. Bg4 Nf4 26. Bxe6+ Nxe6 27. Qg4 Be7 28. Kh1 Bd8 29. Nf3 {[%cal Rg3h4]} Qe7 (29... h3 $1 $11) 30. Rg1 ({White should try} 30. gxh4 $16 gxh4 31. Qh3) 30... h3 31. Rgf1 Bc7 32. Ng1 Rg7 33. Na3 Ke8 34. Nb5 Bb8 35. Rac1 b6 36. Na3 Ncd8 37. Nc4 Bc7 38. Qe2 Nf7 39. f3 Kf8 40. Rf2 Rh6 41. Qf1 Nh8 42. Ne2 Ng6 43. Be1 Kg8 44. c3 Qd7 45. cxd4 exd4 46. Bd2 Qc6 47. Na3 Rhh7 48. Nb5 Ne5 {[#]} 49. Nexd4 $1 {[%mdl 512]} Nxd4 (49... cxd4 50. Rxc6) 50. Nxd4 Qd7 51. Nf5 Nxd3 {[%mdl 64] Double Attack} 52. Nxg7 Nxf2+ 53. Qxf2 Rxg7 54. Qe2 $1 Qe6 55. Bc3 Rd7 56. Rd1 Be5 57. Bxe5 fxe5 {[%mdl 4096] Endgame KQR-KQR} 58. Kg1 Rd6 59. Kf2 Qd7 $2 (59... Rd4 $11 {and Black has nothing to worry.}) 60. Rxd6 Qxd6 $18 {KQ-KQ} 61. g4 $2 ({Only move:} 61. Qc4+ $18 Kf8 62. Qd5) 61... Kf7 $11 62. Kg3 Qh6 {[%csl Gg5][%cal Rh6h4]} 63. Kf2 Qd6 64. Qc4+ Ke7 65. Qc1 Qf6 66. Ke2 Kd7 67. Qf1 Qf7 68. Qxh3 Qxb3 69. Qh7+ Kc6 70. Qg6+ Kb7 71. Qg7+ Ka6 72. Qd7 Qc2+ 73. Kf1 Qc4+ 74. Ke1 Qc3+ 75. Ke2 Qc4+ 76. Kf2 Qd4+ 77. Qxd4 cxd4 {[#] KP-KP} 78. h4 $1 {[%mdl 512]} gxh4 79. g5 {And now g6 would win.} h3 80. g6 h2 81. Kg2 h1=Q+ 82. Kxh1 d3 {Threatens to win with ...d2.} 83. g7 d2 84. g8=Q {[%cal Rg8a8]} d1=Q+ {[%mdl 64] Double Attack. KQ-KQ} 85. Kh2 {[%cal Rg8a8]} Qd2+ 86. Kh3 {[%cal Rg8a8]} Qd7+ 87. Kg3 Qxa4 88. Qa8+ Kb5 {Hoping for ...Qd4.} 89. Qd5+ Ka6 {Strongly threatening ...Qd4.} 90. Qa8+ Kb5 91. Qe8+ Kb4 92. Qxe5 Qd1 93. Qe7+ Ka4 (93... Kc4 $11) 94. e5 $16 Qg1+ $1 95. Kf4 Qd4+ $2 {[%mdl 8192]} (95... Qh2+ $14 96. Ke3 b5) 96. Kf5 $2 (96. Kg5 Qe3+ 97. f4) 96... Qd3+ (96... Qd5 $142) 97. Kg4 b5 $2 {[#]} (97... Qd4+ 98. f4 Qg1+ 99. Kh5 Qf1) 98. Qd6 $2 (98. e6 $1 $18) 98... Qc4+ {[#]} 99. f4 ({White should play} 99. Kg3 $1 $16 {aiming for e6.} Qg8+ 100. Kf2 Qa2+ 101. Ke1) 99... b4 $11 {[%cal Bb5b4,Bb4b3,Bb3b2][%mdl 32] The position is equal.} 100. e6 b3 101. Qd7+ Ka3 {...b2 is the strong threat.} 102. e7 Qg8+ 103. Kf3 b2 104. Qb5 Qa8+ 105. Kg3 a4 106. f5 Ka2 107. e8=Q Qxe8 108. Qxe8 a3 109. Qe6+ Ka1 110. Qe5 {Intending f6 and mate.} Ka2 111. Qd5+ Ka1 112. Qd4 {Black must now prevent f6.} Ka2 113. Qc4+ Ka1 $1 114. Qb3 a2 115. Qc3 {White threatens Qd4! and mate.} Kb1 116. Qd3+ Kc1 $1 117. Qc4+ Kb1 118. Qe4+ ({But not} 118. Qf1+ $6 Kc2 $16) 118... Kc1 $1 119. Qe3+ Kc2 120. Qc5+ Kb3 121. Qb5+ Ka3 122. Qd3+ Kb4 123. Qd4+ Kb3 124. Qd5+ Ka3 $1 125. Qc5+ Kb3 126. Qe3+ Kc2 127. Qe2+ Kc1 128. Qc4+ Kb1 129. Qd3+ ({Don't play} 129. Qf1+ $6 Kc2 $16) 129... Kc1 $1 130. Qc3+ Kb1 131. f6 {White wants to mate with f7.} a1=Q {KQ-KQ} 132. f7 Qa8 133. Qe1+ Ka2 134. Qf2 Qb8+ 135. Kg4 Qb4+ 136. Kg5 Qe7+ 137. Kg6 Qe6+ 138. Kg7 Qe5+ 139. Kh6 Qe6+ 140. Kg7 {Accuracy: White = 53%, Black = 52%.} 1/2-1/2

[Event "RUS-chTW Premier 2019"]
[Site "Sochi"]
[Date "2019.05.09"]
[Round "8.9"]
[White "Ambartsumova, Karina"]
[Black "Kosteniuk, Alexandra"]
[Result "1/2-1/2"]
[WhiteElo "2364"]
[BlackElo "2546"]
[Annotator "ChessBase"]
[PlyCount "44"]
[EventDate "2019.05.01"]
[EventType "team-tourn"]
[EventCountry "RUS"]
[SourceTitle "playchess.com"]
[Source "ChessBase"]
[SourceQuality "1"]
[TimeControl "40/5400+30:1800+30"]

1. Nf3 {[%emt 0:00:00]} d5 {[%emt 0:00:00]} 2. d4 {[%emt 0:00:01]} Nf6 {[%emt 0:00:00]} 3. g3 {[%emt 0:00:42]} b5 {[%emt 0:03:03]} 4. Bg2 {[%emt 0:00:40]} Bb7 {[%emt 0:00:25]} 5. O-O {[%emt 0:00:54]} e6 {[%emt 0:00:21]} 6. c3 {[%emt 0:03:55]} a5 {[%emt 0:03:57]} 7. a4 {[%emt 0:11:41]} b4 {[%emt 0:01:29]} 8. Nbd2 {[%emt 0:02:30]} c5 {[%emt 0:04:19]} 9. c4 {[%emt 0:08:02]} Nbd7 {[%emt 0:07:16]} 10. Re1 {[%emt 0:16:36]} cxd4 {[%emt 0:05:34]} 11. Nxd4 {[%emt 0:03:46]} Qb6 {[%emt 0:01:26]} 12. Nb5 {[%emt 0:03:30]} Bc5 {[%emt 0:05:22]} 13. e3 {[%emt 0:00:38]} O-O {[%emt 0:00:24]} 14. b3 {[%emt 0:04:39]} Ne5 {[%emt 0:17:24]} 15. Bb2 {[%emt 0:07:28]} Nd3 {[%emt 0:06:51]} 16. Bxf6 {[%emt 0:00:15]} gxf6 {[%emt 0:00:04]} 17. Qg4+ {[%emt 0:01:54]} Kh8 {[%emt 0:00:05]} 18. Qh4 {[%emt 0:01:04]} Nxe1 {[%emt 0:07:03]} 19. Qxf6+ {[%emt 0:00:07]} Kg8 {[%emt 0:00:03]} 20. Qg5+ {[%emt 0:00:08]} Kh8 {[%emt 0:00:04]} 21. Qf6+ {[%emt 0:00:04]} Kg8 {[%emt 0:00:03]} 22. Qg5+ {[%emt 0:00:06]} Kh8 {[%emt 0:00:03]} 1/2-1/2

[Event "RUS-chTW Premier 2019"]
[Site "Sochi"]
[Date "2019.05.09"]
[Round "8.10"]
[White "Kovalevskaya, Ekaterina"]
[Black "Markelova, Lubov"]
[Result "1-0"]
[WhiteElo "2413"]
[BlackElo "2199"]
[Annotator "ChessBase"]
[PlyCount "139"]
[EventDate "2019.05.01"]
[EventType "team-tourn"]
[EventCountry "RUS"]
[SourceTitle "playchess.com"]
[Source "ChessBase"]
[SourceQuality "1"]
[TimeControl "40/5400+30:1800+30"]

1. c4 {[%emt 0:00:00]} c6 {[%emt 0:00:01]} 2. e4 {[%emt 0:00:15]} d5 {[%emt 0:01:48]} 3. exd5 {[%emt 0:00:10]} cxd5 {[%emt 0:00:04]} 4. d4 {[%emt 0:00:06]} dxc4 {[%emt 0:05:40]} 5. Bxc4 {[%emt 0:01:03]} e6 {[%emt 0:00:17]} 6. Nf3 {[%emt 0:00:55]} Nf6 {[%emt 0:00:09]} 7. O-O {[%emt 0:00:13]} Be7 {[%emt 0:00:44]} 8. Nc3 {[%emt 0:02:28]} Nc6 {[%emt 0:00:49]} 9. a3 {[%emt 0:07:16]} O-O {[%emt 0:00:26]} 10. Bf4 {[%emt 0:00:19]} b6 {[%emt 0:20:23]} 11. Rc1 {[%emt 0:27:22]} Bb7 {[%emt 0:01:25]} 12. Ba2 {[%emt 0:00:53]} Rc8 {[%emt 0:02:48]} 13. Qd3 {[%emt 0:03:07]} Re8 {[%emt 0:14:49]} 14. Rfd1 {[%emt 0:02:04]} Bf8 {[%emt 0:05:02]} 15. Bg5 {[%emt 0:06:50]} Ne7 {[%emt 0:04:48]} 16. h4 {[%emt 0:12:03]} h6 {[%emt 0:06:22]} 17. Bxf6 {[%emt 0:08:14]} gxf6 {[%emt 0:01:32]} 18. Ne4 {[%emt 0:01:57]} Bg7 {[%emt 0:09:55]} 19. Rxc8 {[%emt 0:01:32]} Nxc8 {[%emt 0:01:10]} 20. Ng3 {[%emt 0:01:19]} Bd5 {[%emt 0:04:35]} 21. Bxd5 {[%emt 0:04:04]} Qxd5 {[%emt 0:00:39]} 22. Ne2 {[%emt 0:04:00]} Ne7 {[%emt 0:05:37]} 23. Nc3 {[%emt 0:04:20]} Qh5 {[%emt 0:02:26]} 24. Qb5 {[%emt 0:04:08]} Qxb5 {[%emt 0:00:11]} 25. Nxb5 {[%emt 0:00:05]} a6 {[%emt 0:01:40]} 26. Nc7 {[%emt 0:00:23]} Rc8 {[%emt 0:01:11]} 27. Nxa6 {[%emt 0:00:05]} Rc2 {[%emt 0:01:11]} 28. Rd2 {[%emt 0:02:00]} Rxd2 {[%emt 0:01:30]} 29. Nxd2 {[%emt 0:00:02]} f5 {[%emt 0:00:14]} 30. Nf3 {[%emt 0:00:13]} Nc6 {[%emt 0:00:38]} 31. d5 {[%emt 0:04:59]} exd5 {[%emt 0:00:05]} 32. b4 {[%emt 0:00:03]} Bb2 {[%emt 0:01:52]} 33. a4 {[%emt 0:01:09]} Bc3 {[%emt 0:00:16]} 34. b5 {[%emt 0:00:13]} Na5 {[%emt 0:01:20]} 35. Nc7 {[%emt 0:00:41]} d4 {[%emt 0:00:33]} 36. Nd5 {[%emt 0:00:07]} Nc4 {[%emt 0:00:28]} 37. Kf1 {[%emt 0:00:59]} f6 {[%emt 0:02:15]} 38. Ke2 {[%emt 0:02:13]} Kf7 {[%emt 0:00:20]} 39. Nxd4 {[%emt 0:00:48]} Bxd4 {[%emt 0:00:59]} 40. Kd3 {[%emt 0:00:00]} Bxf2 {[%emt 0:00:00]} 41. Kxc4 {[%emt 0:00:08]} Ke6 {[%emt 0:05:38]} 42. Nf4+ {[%emt 0:05:57]} Kd6 {[%emt 0:01:16]} 43. h5 {[%emt 0:00:08]} Bg1 {[%emt 0:02:56]} 44. Ne2 {[%emt 0:07:40]} Be3 {[%emt 0:03:34]} 45. Kd3 {[%emt 0:03:34]} Bf2 {[%emt 0:02:20]} 46. Nf4 {[%emt 0:08:14]} Ke5 {[%emt 0:01:04]} 47. Ng6+ {[%emt 0:00:10]} Ke6 {[%emt 0:04:34]} 48. Ke2 {[%emt 0:01:23]} Bg3 {[%emt 0:03:59]} 49. Ke3 {[%emt 0:06:28]} Bd6 {[%emt 0:00:08]} 50. Kd4 {[%emt 0:00:48]} Bc5+ {[%emt 0:01:35]} 51. Kd3 {[%emt 0:00:15]} Bd6 {[%emt 0:00:45]} 52. Nh4 {[%emt 0:00:22]} Bg3 {[%emt 0:01:36]} 53. Nf3 {[%emt 0:00:08]} Bf2 {[%emt 0:01:07]} 54. Nd2 {[%emt 0:01:43]} Ke5 {[%emt 0:03:38]} 55. Ke2 {[%emt 0:00:15]} Bc5 {[%emt 0:00:29]} 56. Nb3 {[%emt 0:00:49]} Kd5 {[%emt 0:02:46]} 57. a5 {[%emt 0:00:36]} bxa5 {[%emt 0:01:04]} 58. Nxa5 {[%emt 0:00:01]} Ke4 {[%emt 0:02:46]} 59. Nb7 {[%emt 0:01:08]} Ba7 {[%emt 0:01:24]} 60. Nd6+ {[%emt 0:00:41]} Kf4 {[%emt 0:00:19]} 61. Nf7 {[%emt 0:00:32]} Kg4 {[%emt 0:00:37]} 62. Nxh6+ {[%emt 0:00:09]} Kg5 {[%emt 0:00:39]} 63. Ng8 {[%emt 0:01:03]} Kxh5 {[%emt 0:00:18]} 64. Kf3 {[%emt 0:00:12]} Kg5 {[%emt 0:00:38]} 65. Ne7 {[%emt 0:00:12]} f4 {[%emt 0:00:30]} 66. Nd5 {[%emt 0:00:30]} Bb8 {[%emt 0:00:33]} 67. b6 {[%emt 0:00:06]} Kf5 {[%emt 0:00:27]} 68. Ne7+ {[%emt 0:00:15]} Ke6 {[%emt 0:00:11]} 69. Nc6 {[%emt 0:00:05]} Bc7 70. Ke4 {Kd5+} 1-0

[Event "RUS-chTW Premier 2019"]
[Site "Sochi"]
[Date "2019.05.09"]
[Round "8.11"]
[White "Shafigullina, Zarina"]
[Black "Bivol, Alina"]
[Result "0-1"]
[WhiteElo "2299"]
[BlackElo "2393"]
[Annotator "ChessBase"]
[PlyCount "184"]
[EventDate "2019.05.01"]
[EventType "team-tourn"]
[EventCountry "RUS"]
[SourceTitle "playchess.com"]
[Source "ChessBase"]
[SourceQuality "1"]
[TimeControl "40/5400+30:1800+30"]

1. d4 {[%emt 0:00:00]} Nf6 {[%emt 0:00:00]} 2. Nf3 {[%emt 0:00:00]} g6 {[%emt 0:00:00]} 3. g3 {[%emt 0:00:13]} Bg7 {[%emt 0:00:08]} 4. Bg2 {[%emt 0:00:16]} O-O {[%emt 0:00:38]} 5. c4 {[%emt 0:00:28]} d6 {[%emt 0:00:07]} 6. O-O {[%emt 0:00:29]} Nc6 {[%emt 0:01:01]} 7. Nc3 {[%emt 0:00:17]} Rb8 {[%emt 0:00:05]} 8. Re1 {[%emt 0:00:42]} a6 {[%emt 0:02:07]} 9. e4 {[%emt 0:00:44]} Bg4 {[%emt 0:01:17]} 10. Be3 {[%emt 0:02:23]} Nd7 {[%emt 0:00:28]} 11. Qd2 {[%emt 0:09:15]} e5 {[%emt 0:03:18]} 12. d5 {[%emt 0:00:10]} Bxf3 {[%emt 0:00:39]} 13. Bxf3 {[%emt 0:00:08]} Nd4 {[%emt 0:00:04]} 14. Bg2 {[%emt 0:00:22]} c5 {[%emt 0:00:34]} 15. dxc6 {[%emt 0:01:45]} bxc6 {[%emt 0:00:13]} 16. Ne2 {[%emt 0:06:17]} c5 {[%emt 0:00:20]} 17. Nc1 {[%emt 0:01:33]} Qc7 {[%emt 0:03:12]} 18. Nd3 {[%emt 0:00:44]} a5 {[%emt 0:02:40]} 19. Rac1 {[%emt 0:03:47]} Qa7 {[%emt 0:04:02]} 20. h4 {[%emt 0:11:17]} Rb7 {[%emt 0:01:59]} 21. f4 {[%emt 0:07:32]} Qa6 {[%emt 0:05:23]} 22. h5 {[%emt 0:03:02]} Nb6 {[%emt 0:04:02]} 23. b3 {[%emt 0:11:08]} Nd7 {[%emt 0:04:51]} 24. Bxd4 {[%emt 0:08:38]} cxd4 {[%emt 0:01:25]} 25. c5 {[%emt 0:00:19]} dxc5 {[%emt 0:04:07]} 26. Nxc5 {[%emt 0:02:45]} Nxc5 {[%emt 0:00:05]} 27. Rxc5 {[%emt 0:00:03]} gxh5 {[%emt 0:10:27]} 28. fxe5 {[%emt 0:14:46]} a4 {[%emt 0:03:12]} 29. e6 {[%emt 0:02:59]} fxe6 {[%emt 0:08:02]} 30. e5 {[%emt 0:03:28]} Ra7 {[%emt 0:04:51]} 31. b4 {[%emt 0:00:51]} d3 {[%emt 0:05:20]} 32. Rc6 {[%emt 0:04:49]} Qb5 {[%emt 0:00:08]} 33. Rxe6 {[%emt 0:00:13]} Rd8 {[%emt 0:05:18]} 34. Kh1 {[%emt 0:01:31]} Qb8 {[%emt 0:06:47]} 35. Re3 {[%emt 0:01:06]} Rad7 {[%emt 0:01:17]} 36. a3 {[%emt 0:00:56]} Rd4 {[%emt 0:01:56]} 37. Re1 {[%emt 0:00:16]} Qa7 {[%emt 0:07:40]} 38. Qg5 {[%emt 0:00:41]} Qf7 {[%emt 0:04:50]} 39. Re7 {[%emt 0:00:06]} Qg6 {[%emt 0:00:09]} 40. Qxg6 {[%emt 0:00:00]} hxg6 {[%emt 0:00:00]} 41. e6 {[%emt 0:02:35]} d2 {[%emt 0:01:32]} 42. Rd1 {[%emt 0:00:27]} R4d6 {[%emt 0:00:45]} 43. Rd7 {[%emt 0:01:24]} R6xd7 {[%emt 0:00:57]} 44. exd7 {[%emt 0:00:06]} Rxd7 {[%emt 0:00:05]} 45. Bc6 {[%emt 0:00:08]} Rd3 {[%emt 0:00:10]} 46. Bxa4 {[%emt 0:01:51]} Rxa3 {[%emt 0:00:57]} 47. Bc2 {[%emt 0:00:20]} Bh6 {[%emt 0:01:08]} 48. b5 {[%emt 0:05:59]} Rc3 {[%emt 0:05:51]} 49. Bxg6 {[%emt 0:00:31]} Rxg3 {[%emt 0:00:02]} 50. Be4 {[%emt 0:03:43]} Re3 {[%emt 0:03:07]} 51. Bd5+ {[%emt 0:00:54]} Kf8 {[%emt 0:00:29]} 52. Kg2 {[%emt 0:01:12]} Re5 {[%emt 0:02:12]} 53. Bc6 {[%emt 0:02:38]} Rc5 {[%emt 0:00:06]} 54. Kf2 {[%emt 0:00:53]} Bg5 {[%emt 0:01:45]} 55. Ke2 {[%emt 0:03:28]} h4 {[%emt 0:02:14]} 56. Kd3 {[%emt 0:00:36]} Ke7 {[%emt 0:00:15]} 57. Ke2 {[%emt 0:02:45]} Kd6 {[%emt 0:00:24]} 58. Kd3 {[%emt 0:03:58]} Rc1 {[%emt 0:00:28]} 59. Ke2 {[%emt 0:00:15]} Kc5 {[%emt 0:00:04]} 60. Bd7 {[%emt 0:00:35]} Rc3 {[%emt 0:00:18]} 61. Rg1 {[%emt 0:03:54]} Re3+ {[%emt 0:01:53]} 62. Kd1 {[%emt 0:01:09]} Re5 {[%emt 0:00:13]} 63. Rh1 {[%emt 0:02:06]} Kd6 {[%emt 0:03:06]} 64. Bc6 {[%emt 0:00:09]} Rc5 {[%emt 0:00:02]} 65. Ke2 {[%emt 0:01:38]} Rc1 {[%emt 0:00:04]} 66. Rd1 {[%emt 0:00:52]} h3 {[%emt 0:00:06]} 67. Bf3 {[%emt 0:01:23]} Kc5 {[%emt 0:00:06]} 68. Kf2 {[%emt 0:01:28]} Bf4 {[%emt 0:00:54]} 69. Be2 {[%emt 0:00:16]} h2 {[%emt 0:01:11]} 70. Kg2 {[%emt 0:00:07]} Kb4 {[%emt 0:00:11]} 71. b6 {[%emt 0:01:34]} Kc3 {[%emt 0:00:04]} 72. b7 {[%emt 0:00:19]} Kc2 {[%emt 0:00:10]} 73. Rh1 {[%emt 0:00:05]} Re1 {[%emt 0:04:16]} 74. Bf3 {[%emt 0:00:41]} Kd3 {[%emt 0:00:51]} 75. Bd1 {[%emt 0:00:41]} Kd4 {[%emt 0:00:07]} 76. Bf3 {[%emt 0:00:42]} Kc5 {[%emt 0:00:04]} 77. Bd1 {[%emt 0:00:15]} Kb6 {[%emt 0:00:04]} 78. Bf3 {[%emt 0:00:08]} Kc7 {[%emt 0:00:03]} 79. Bd1 {[%emt 0:00:21]} Kxb7 {[%emt 0:00:07]} 80. Bf3+ {[%emt 0:00:14]} Kb6 {[%emt 0:01:07]} 81. Bd1 {[%emt 0:00:12]} Kc5 {[%emt 0:00:08]} 82. Bf3 {[%emt 0:00:23]} Kd4 {[%emt 0:00:05]} 83. Bd1 {[%emt 0:00:23]} Ke3 {[%emt 0:00:05]} 84. Bg4 {[%emt 0:00:21]} Bg3 {[%emt 0:00:52]} 85. Bh5 {[%emt 0:02:09]} Be5 {[%emt 0:02:35]} 86. Bd1 {[%emt 0:00:35]} Bd6 {[%emt 0:01:43]} 87. Bh5 {[%emt 0:00:21]} Rc1 {[%emt 0:06:30]} 88. Bd1 {[%emt 0:00:39]} Rc5 {[%emt 0:02:19]} 89. Rf1 {[%emt 0:00:09]} Rg5+ {[%emt 0:00:15]} 90. Kh1 {[%emt 0:00:09]} Kd4 {[%emt 0:00:35]} 91. Bc2 {[%emt 0:01:12]} Re5 {[%emt 0:00:21]} 92. Rd1 {[%emt 0:00:36]} Re1+ {[%emt 0:00:07]} 0-1